01021nam a2200241Ia 4500001000600000003000900006008004100015040001300056040001300069041001300082100002500095100002900120245004500149245009800194250001100292260000900303260003700312260004900349300005900398500026100457650003000718650003100748B4533IT-RoPAU130308s9999 xx 000 0 und d aIT-RoPAU cIT-RoPAU aITALIANO aGarancini Gianfranco gCodice Aut. SPICS: 22358 aFedeltà ad una storia e ad una cultura bInformazione e Territorio-I venticinque Anni della federazione Italiana settimanali Cattolici a1a ed. aROMA bFederaz. Ital. Settim. Cattolici c1992 [1° Ed.:1992 - Ed.Ling.Originale:1992] a"17 p. (prefazione: no ; testo: 17 [pagine: 205-221])" aPer una Cultura del Territorio. Attenzione al Territorio Non è Campanilismo. Pericoloso Identificare Sociale e Politico. Ideologie vedono una Società senza Memoria. Decentramento e Autonomia. Fedeltà a una Storia di Popolo. Cosa Dire con Il Giornale? aGENERI DI STAMPA DI MASSA eCodice materia Spics: 6660